000 00566nam a22001817a 4500
008 250922b ||||| |||| 00| 0 spa d
020 _a84-345-2520-8
040 _aAR-FvUNAJ
_dAR-FvUNAJ
_eaacr2
082 1 4 _214
_a616.992
100 1 _921017
_aGonzález-Merlo, J.
245 1 0 _aOncología ginecológica /
_cJ. González-Merlo.
260 _aBarcelona :
_bSalvat Editores,
_c1991.
300 _axv, 564 p.
650 0 _2dcs
_91921
_aGINECOLOGIA
650 0 _2dcs
_9211
_aONCOLOGIA MEDICA
942 _2ddc
_cLIBRO
980 _62
_aVirginia Figueroa
_82
_gVirginia Figueroa
999 _c11119
_d11119